BIBLIOTECA PODER JUDICIAL
Portal Judicial TDF

Problemas actuales en la compraventa inmobiliaria / (Registro nro. 1522)

000 -LEADER
fixed length control field 01335nam a22002417a 4500
003 - CONTROL NUMBER IDENTIFIER
control field OSt
005 - DATE AND TIME OF LATEST TRANSACTION
control field 20181203080945.0
008 - FIXED-LENGTH DATA ELEMENTS--GENERAL INFORMATION
fixed length control field 180307b xxu||||| |||| 00| 0 spa d
040 ## - CATALOGING SOURCE
Transcribing agency PJ
100 ## - ASIENTO PRINCIPAL - NOMBRE DE PERSONA
9 (RLIN) 95
Personal name Morello, Augusto Mario
245 14 - MENCIÓN DE TÍTULO
Título propiamente dicho Problemas actuales en la compraventa inmobiliaria /
Mención de responsabilidad, etc Augusto M. Morello.
260 ## - PUBLICATION, DISTRIBUTION, ETC. (IMPRINT)
Place of publication, distribution, etc Buenos Aires :
Name of publisher, distributor, etc Lep,
Date of publication, distribution, etc 1978.
300 ## - DESCRIPCION FISICA
Extent 278 p.
Dimensions 20 cm.
490 ## - MENCION DE SERIE
Mención de Serie Serie de Ensayos Jurídicos
International Standard Serial Number xxx
500 ## - NOTA GENERAL
General note Notas y citas a pie de página.<br/>
505 ## - FORMATTED CONTENTS NOTE
Formatted contents note Contenido:<br/>El ser del boleto y la nueva interpretación -- Aspectos de oferta de venta -- Obligación de escriturar y deberes secundarios de conducta -- Matices de mora y plazo -- Pacto comisorio implícito en la jurisprudencia -- Cláusula de arrepentimiento -- Teoría de la imprevisión -- Reajuste del precio aún mediando mora del acreedor (vendedor) -- Daños y perjuicios por imposibilidad de escriturar. Transferencia del boleto -- Subasta y compraventa -- Carencia de legitimación por no registración del boleto en la ley de prehorizontalidad N° 19724.<br/><br/>
650 #0 - ASIENTO SECUNDARIO DE MATERIA - TERMINO TEMATICO
9 (RLIN) 352
Topical term or geographic name as entry element DERECHO CIVIL
650 #0 - ASIENTO SECUNDARIO DE MATERIA - TERMINO TEMATICO
9 (RLIN) 1821
Topical term or geographic name as entry element DERECHOS REALES
650 #0 - ASIENTO SECUNDARIO DE MATERIA - TERMINO TEMATICO
9 (RLIN) 2274
Topical term or geographic name as entry element BIENES INMUEBLES
650 #0 - ASIENTO SECUNDARIO DE MATERIA - TERMINO TEMATICO
9 (RLIN) 2239
Topical term or geographic name as entry element COMPRAVENTA INMOBILIARIA
650 #0 - ASIENTO SECUNDARIO DE MATERIA - TERMINO TEMATICO
9 (RLIN) 3413
Topical term or geographic name as entry element BOLETO DE COMPRAVENTA
942 ## - ADDED ENTRY ELEMENTS (KOHA)
Source of classification or shelving scheme
Koha item type Libros
Classification part 347.235:347.451
Item part MOR
Existencias
Withdrawn status Lost status Source of classification or shelving scheme Damaged status Not for loan Permanent Location Current Location Date acquired Full call number Barcode Date last seen Price effective from Koha item type
          Biblioteca Poder Judicial Norte Biblioteca Poder Judicial Norte 2018-09-24 347.235:347.451 MOR RG 0431 2024-12-02 2018-09-24 Libros
          Biblioteca Poder Judicial Sur Biblioteca Poder Judicial Sur 2018-09-24 347.235:347.451 MOR 2896 2018-09-24 2018-09-24 Libros

12 de Octubre 789 Ushuaia - Tel:  54(02901)441571
Horario de Atención: 8.00 a 17.00 hs. 
bibliotecaush@justierradelfuego.gov.ar
koha@justierradelfuego.gov.ar
Seguinos en nuestras redes @bibliojustdf 

Con tecnología Koha